| 000 | 00393 a2200109 4500 | ||
|---|---|---|---|
| 001 | ART_17242 | ||
| 005 | 20260410161854.0 | ||
| 008 | 260409a | ||
| 245 | 1 | 0 | _aLa medianería urbana en el proyecto de Código Civil y Comercial |
| 100 | 1 | _aKiper, Claudio M. | |
| 773 | 0 |
_tDerecho privado _gReforma del Código Civil IV. Derechos Reales - Año II, Nº 5 (jun. 2013) _wREV10455 |
|
| 999 |
_c25322 _d25322 |
||